[Event "Tashkent UzChess Masters 2nd"]
[Site "Tashkent"]
[Date "2025.06.18"]
[Round "5"]
[White "Vokhidov, Shamsiddin"]
[Black "Erigaisi, Arjun Kumar"]
[Result "0-1"]
[WhiteElo "2644"]
[BlackElo "2782"]
[PlyCount "137"]
[EventDate "2025.06.18"]
[EventType "tourn"]
[EventRounds "9"]
[EventCountry "UZB"]
[EventCategory "19"]
[SourceTitle "CB27_2025"]
[SourceDate "2025.07.02"]
[SourceVersion "1"]
[SourceVersionDate "2025.07.02"]
[SourceQuality "1"]

1. e4 e5 2. Nf3 Nc6 3. Bb5 a6 4. Ba4 Nf6 5. 0-0 d6 6. c3 Bd7 7. d4 g6 8. Re1 Bg7 9. h3 0-0 10. Nbd2 exd4 11. cxd4 Nb4 12. Bxd7 Qxd7 13. Nf1 c5 14. a3 Nc6 15. d5 Na5 16. Bd2 Nc4 17. Bc3 b5 18. b3 Nb6 19. Qd2 a5 20. Ng3 a4 21. b4 Nc4 22. Qd3 Rfe8 23. Nd2 Ne5 24. Bxe5 c4 25. Qc2 Rxe5 26. Rad1 Rae8 27. Re2 R5e7 28. Rde1 Qb7 29. Nf3 Nd7 30. Re3 Qb6 31. R3e2 h5 32. Nf1 Rc8 33. Ne3 Ne5 34. Nxe5 Bxe5 35. Nf1 c3 36. Ne3 Bg7 37. Qd3 h4 38. Kf1 Qb7 39. Rc1 Qd7 40. Rce1 Kf8 41. Rc1 Kg8 42. Rce1 Kh8 43. Rc1 Rc7 44. Rce1 Kh7 45. Rc1 Kg8 46. Rce1 Kh8 47. Rc1 Rc8 48. Rce1 Qe8 49. f3 Kg8 50. Rc1 Rec7 51. Rcc2 Kh8 52. Ke1 Qe5 53. Kd1 Re7 54. Ng4 Qf4 55. Qxb5 f5 56. Nf2 Qh2 57. Nd3 fxe4 58. Rxe4 Rxe4 59. fxe4 Qg1+ 60. Ne1 Be5 61. Re2 Bg3 62. Kc2 Bxe1 63. Qd7 Rg8 64. Qxd6 Qf1 65. Qe5+ Kh7 66. Kd3 c2 67. Qc7+ Rg7 68. Qxc2 Bg3 69. Kd4 0-1

[Event "WchT Blitz Pool C"]
[Site "London"]
[Date "2025.06.14"]
[Round "10.4"]
[White "Grigoryan, Meri"]
[Black "Vokhidov, Shamsiddin"]
[Result "0-1"]
[WhiteElo "1980"]
[BlackElo "2644"]
[PlyCount "80"]
[EventDate "2025.06.14"]
[EventType "team-tourn"]
[EventRounds "13"]
[EventCountry "ENG"]
[SourceTitle "CB25_2025"]
[SourceDate "2025.06.18"]
[SourceVersion "1"]
[SourceVersionDate "2025.06.18"]
[SourceQuality "1"]
[WhiteTeam "ANI"]
[BlackTeam "Uzbekistan"]
[WhiteTeamCountry "ENG"]
[BlackTeamCountry "UZB"]

1. d4 Nf6 2. Nf3 b6 3. Bf4 Bb7 4. e3 Nh5 5. Bg3 g6 6. c4 d6 7. Nc3 Bg7 8. Be2 Nd7 9. Rc1 0-0 10. 0-0 Nxg3 11. hxg3 e6 12. e4 e5 13. dxe5 Nxe5 14. Nxe5 Bxe5 15. Bf3 Re8 16. Re1 a6 17. Qd2 h5 18. Nd5 Bg7 19. b4 c6 20. Nf4 Qe7 21. a3 Rad8 22. Qc2 h4 23. g4 Bh6 24. g3 Qf6 25. Qd2 Bc8 26. Kg2 hxg3 27. fxg3 Bg5 28. Rh1 Kg7 29. Rh2 Rh8 30. Rch1 Rxh2+ 31. Rxh2 b5 32. cxb5 axb5 33. Qc1 Bd7 34. Qh1 Qb2+ 35. Ne2 Kf8 36. Rh8+ Ke7 37. Rxd8 Kxd8 38. Qh7 Ke7 39. Qg8 Be8 40. Qh7 Qxa3 0-1

[Event "WchT Blitz Pool C"]
[Site "London"]
[Date "2025.06.14"]
[Round "3.4"]
[White "Vokhidov, Shamsiddin"]
[Black "Keneshbekov, Elim"]
[Result "1-0"]
[WhiteElo "2644"]
[BlackElo "1883"]
[PlyCount "95"]
[EventDate "2025.06.14"]
[EventType "team-tourn"]
[EventRounds "13"]
[EventCountry "ENG"]
[SourceTitle "CB25_2025"]
[SourceDate "2025.06.18"]
[SourceVersion "1"]
[SourceVersionDate "2025.06.18"]
[SourceQuality "1"]
[WhiteTeam "Uzbekistan"]
[BlackTeam "KYR Youth"]
[WhiteTeamCountry "UZB"]
[BlackTeamCountry "KGZ"]

1. e4 c5 2. Nf3 d6 3. Bb5+ Nd7 4. a4 Ngf6 5. Nc3 e5 6. d3 a6 7. Bc4 Be7 8. a5 b5 9. axb6 Nxb6 10. Bb3 0-0 11. 0-0 Bg4 12. h3 Bh5 13. Re1 h6 14. Be3 Qd7 15. Qe2 Ne8 16. Nxe5 Bg4 17. Qf3 Bxf3 18. Nxd7 Be2 19. Rxe2 Nxd7 20. Ree1 Nef6 21. Ra2 Rfb8 22. Rb1 a5 23. Rba1 Bd8 24. Bd2 Ne5 25. Nd5 Nxd5 26. Bxd5 Ra7 27. f4 Nd7 28. Bxa5 Nb6 29. Bb3 Bf6 30. Bd2 Rxa2 31. Rxa2 Rc8 32. Be3 c4 33. dxc4 Nxc4 34. Bc1 Nb6 35. Kf2 Nd7 36. Be3 Nc5 37. Bd5 Ne6 38. c3 Rc7 39. g3 Nc5 40. Kf3 g6 41. Bxc5 dxc5 42. Ra6 Kg7 43. e5 Be7 44. Ke4 Rc8 45. Ra7 Kf8 46. g4 c4 47. f5 gxf5+ 48. gxf5 1-0

[Event "WchT Rapid"]
[Site "London"]
[Date "2025.06.12"]
[Round "5.4"]
[White "Vokhidov, Shamsiddin"]
[Black "Vidit, Santosh Gujrathi"]
[Result "1/2-1/2"]
[WhiteElo "2519"]
[BlackElo "2650"]
[PlyCount "77"]
[EventDate "2025.06.11"]
[EventType "team-swiss"]
[EventRounds "12"]
[EventCountry "ENG"]
[SourceTitle "CB25_2025"]
[SourceDate "2025.06.18"]
[SourceVersion "1"]
[SourceVersionDate "2025.06.18"]
[SourceQuality "1"]
[WhiteTeam "Uzbekistan"]
[BlackTeam "Hexamind Team"]
[WhiteTeamCountry "UZB"]
[BlackTeamCountry "USA"]

1. e4 e5 2. Nf3 Nc6 3. Bb5 Nf6 4. d3 Bc5 5. c3 0-0 6. 0-0 d5 7. Nbd2 dxe4 8. dxe4 a5 9. a4 Qe7 10. Qc2 Na7 11. Be2 h6 12. Nb3 Bb6 13. Nfd2 Be6 14. Nc4 Nc8 15. Nxb6 Nxb6 16. Nd2 Rfd8 17. b3 Nh7 18. Ba3 Qf6 19. Bc5 Nd7 20. Be3 Qg6 21. f3 Ndf6 22. Nc4 Nd5 23. Qc1 Nxe3 24. Qxe3 Qf6 25. Qc5 Bxc4 26. Bxc4 Qd6 27. Qxd6 cxd6 28. Rfd1 Nf6 29. Kf2 Rac8 30. Rd3 Kf8 31. Rad1 Ke7 32. Bb5 h5 33. h4 b6 34. g3 g6 35. Ke2 Rc5 36. Bc4 Rc7 37. Bb5 Rc5 38. Bc4 Rc7 39. Bb5 1/2-1/2

[Event "Chess.com Classic Play In"]
[Site "Chess.com INT"]
[Date "2025.05.19"]
[Round "7"]
[White "Rozum, Ivan"]
[Black "Vokhidov, Shamsiddin"]
[Result "0-1"]
[WhiteElo "2439"]
[BlackElo "2641"]
[PlyCount "60"]
[EventDate "2025.05.19"]
[EventType "swiss (blitz)"]
[EventRounds "9"]
[EventCountry "USA"]
[SourceTitle "CB21_2025"]
[SourceDate "2025.05.21"]
[SourceVersion "1"]
[SourceVersionDate "2025.05.21"]
[SourceQuality "1"]

1. d4 Nf6 2. c4 e6 3. Nf3 d5 4. g3 Bb4+ 5. Bd2 Be7 6. Bg2 0-0 7. 0-0 Nbd7 8. Qc2 c6 9. b3 b6 10. Nc3 a5 11. e4 Ba6 12. exd5 cxd5 13. Ne5 Rc8 14. Rfd1 dxc4 15. bxc4 Bxc4 16. Nxc4 Rxc4 17. Qd3 Ne5 18. Qe2 Rxd4 19. Be3 Rxd1+ 20. Rxd1 Qc7 21. Nb5 Qc4 22. Bf1 Qxe2 23. Bxe2 Nd5 24. Bd4 Nc6 25. Bb2 Rd8 26. Bf3 Bc5 27. Rc1 Ndb4 28. Rf1 Rd2 29. a3 Rxb2 30. axb4 Nxb4 0-1

[Event "Chess.com Classic Play In"]
[Site "Chess.com INT"]
[Date "2025.05.19"]
[Round "3"]
[White "Vokhidov, Shamsiddin"]
[Black "Jumabayev, Rinat"]
[Result "1-0"]
[WhiteElo "2641"]
[BlackElo "2551"]
[PlyCount "81"]
[EventDate "2025.05.19"]
[EventType "swiss (blitz)"]
[EventRounds "9"]
[EventCountry "USA"]
[SourceTitle "CB21_2025"]
[SourceDate "2025.05.21"]
[SourceVersion "1"]
[SourceVersionDate "2025.05.21"]
[SourceQuality "1"]

1. e4 e5 2. Nf3 Nc6 3. Bc4 Nf6 4. d3 a6 5. 0-0 Bc5 6. a4 d6 7. c3 0-0 8. Re1 Be6 9. Bxe6 fxe6 10. b4 Ba7 11. Be3 Bxe3 12. Rxe3 Qe8 13. Nbd2 Ne7 14. d4 Ng6 15. h3 Nd7 16. g3 a5 17. b5 b6 18. Nc4 Qf7 19. Qe2 Qf6 20. h4 Rae8 21. Rd1 Re7 22. Nh2 exd4 23. Rf3 dxc3 24. Rxf6 gxf6 25. Rc1 Nc5 26. Rxc3 Nxa4 27. Rc1 Nc5 28. Ng4 f5 29. h5 fxg4 30. hxg6 h5 31. e5 d5 32. Nd2 Rg7 33. Qe3 a4 34. Rxc5 bxc5 35. Qxc5 Rf5 36. Qc6 Rxg6 37. Qxc7 a3 38. b6 a2 39. Nb3 Rg7 40. Qc8+ Rf8 41. b7 1-0

[Event "Tashkent Agzamov Memorial 18th"]
[Site "Tashkent"]
[Date "2025.03.27"]
[Round "8"]
[White "Vokhidov, Shamsiddin"]
[Black "Saydaliev, Saidakbar"]
[Result "1-0"]
[WhiteElo "2670"]
[BlackElo "2461"]
[PlyCount "111"]
[EventDate "2025.03.20"]
[EventType "swiss"]
[EventRounds "10"]
[EventCountry "UZB"]
[SourceTitle "CB14_2025"]
[SourceDate "2024.11.01"]
[SourceVersion "1"]
[SourceVersionDate "2024.11.01"]
[SourceQuality "1"]

1. e4 e6 2. d4 d5 3. e5 c5 4. c3 Nc6 5. Nf3 Bd7 6. Be2 Nge7 7. 0-0 Nf5 8. dxc5 a5 9. Bd3 Bxc5 10. a4 0-0 11. Nbd2 h6 12. Nb3 Ba7 13. Bc2 Nh4 14. Bf4 f5 15. Re1 Rc8 16. Nxh4 Qxh4 17. Be3 Bxe3 18. Rxe3 b6 19. Qe2 Qg5 20. Re1 Rc7 21. g3 Qe7 22. Rd1 Nd8 23. Nd4 Nb7 24. g4 Nc5 25. gxf5 exf5 26. f4 Bxa4 27. b3 Bd7 28. e6 Bc8 29. Nxf5 Qf6 30. e7 Re8 31. Rxd5 Ne6 32. Qh5 Rexe7 33. Nxe7+ Qxe7 34. Qg6 Rc5 35. Qh7+ Kf7 36. Qf5+ Kg8 37. Rxc5 bxc5 38. Qh7+ Kf7 39. Qg6+ Kf8 40. f5 Qg5+ 41. Qxg5 Nxg5 42. Kf2 Nf7 43. Re1 Nd6 44. Re5 c4 45. bxc4 Nxc4 46. Rc5 Nd6 47. Rxa5 Ke7 48. Kf3 Nc4 49. Rc5 Ba6 50. Bd3 Bb7+ 51. Kf4 Nb2 52. Be2 Bg2 53. Ke5 Na4 54. Rc7+ Kf8 55. Rc8+ Ke7 56. Rg8 1-0

[Event "Tashkent Agzamov Memorial 18th"]
[Site "Tashkent"]
[Date "2025.03.26"]
[Round "7"]
[White "Yadegar, Radin"]
[Black "Vokhidov, Shamsiddin"]
[Result "0-1"]
[WhiteElo "2401"]
[BlackElo "2670"]
[PlyCount "118"]
[EventDate "2025.03.20"]
[EventType "swiss"]
[EventRounds "10"]
[EventCountry "UZB"]
[SourceTitle "CB14_2025"]
[SourceDate "2024.11.01"]
[SourceVersion "1"]
[SourceVersionDate "2024.11.01"]
[SourceQuality "1"]

1. d4 Nf6 2. c4 e6 3. g3 d5 4. Nf3 Bb4+ 5. Bd2 Be7 6. Bg2 c6 7. Qc2 0-0 8. 0-0 b6 9. Bf4 Bb7 10. Rd1 h6 11. Ne5 Nfd7 12. Nc3 Na6 13. Nxd7 Qxd7 14. Qa4 Rfd8 15. Rac1 dxc4 16. Qxc4 Nb4 17. Qb3 Rac8 18. h4 Nd5 19. Bd2 c5 20. dxc5 Bxc5 21. Ne4 Be7 22. Bf3 Rxc1 23. Rxc1 e5 24. Nc3 Nxc3 25. Bxc3 e4 26. Bg2 e3 27. fxe3 Bc5 28. Rf1 Ba6 29. Kh2 Bxe2 30. Bh3 Qd5 31. Qxd5 Rxd5 32. Re1 Bc4 33. e4 Rd8 34. e5 b5 35. e6 b4 36. e7 Bxe7 37. Rxe7 bxc3 38. bxc3 Rd2+ 39. Kg1 Rxa2 40. Rc7 Bd5 41. c4 Be4 42. Re7 f5 43. c5 Kf8 44. Re5 g6 45. c6 Bxc6 46. Re6 Be8 47. h5 Bf7 48. Rc6 Kg7 49. hxg6 Bxg6 50. Bf1 a5 51. Ra6 Bf7 52. Ra7 Ra1 53. Kf2 Kf6 54. Bd3 a4 55. Ra6+ Ke5 56. Ke3 a3 57. Ra5+ Kf6 58. Kf4 a2 59. Ra7 Rc1 0-1

[Event "Chessable Masters Play In"]
[Site "Chess.com INT"]
[Date "2025.02.17"]
[Round "9"]
[White "Aravindh, Chithambaram VR"]
[Black "Vokhidov, Shamsiddin"]
[Result "1-0"]
[WhiteElo "2729"]
[BlackElo "2670"]
[PlyCount "139"]
[EventDate "2025.02.17"]
[EventType "swiss (blitz)"]
[EventRounds "9"]
[EventCountry "USA"]
[SourceTitle "CB08_2025"]
[SourceDate "2025.02.19"]
[SourceVersion "1"]
[SourceVersionDate "2025.02.19"]
[SourceQuality "1"]

1. Nf3 Nf6 2. g3 e6 3. Bg2 d5 4. 0-0 Be7 5. c4 0-0 6. cxd5 exd5 7. b3 c6 8. Bb2 a5 9. d3 Re8 10. a3 h6 11. Nbd2 Na6 12. Qc2 Bf5 13. Rfe1 Bh7 14. Rad1 Qb6 15. e4 Bc5 16. Re2 Rad8 17. Rf1 Nc7 18. Bxf6 gxf6 19. Qb2 Kg7 20. Nh4 Nb5 21. Nb1 Nd4 22. Ree1 Qxb3 23. Qd2 dxe4 24. Qf4 exd3 25. Nd2 Qb2 26. Kh1 Ne2 27. Qg4+ Kh8 28. Ne4 Qe5 29. f4 Qe7 30. Nf5 Bxf5 31. Qxf5 Bd4 32. Rd1 Qe6 33. Qh5 Kg7 34. f5 Qc4 35. Qg4+ Kh8 36. Nxf6 Qc3 37. Nxe8 Rxe8 38. f6 Bxf6 39. Qf5 Kg7 40. Rxd3 Qe5 41. Qf3 Qg5 42. Rd7 Qg6 43. Rxb7 Nd4 44. Qf4 Re2 45. Rd7 Ne6 46. Qc4 Qc2 47. Qg4+ Ng5 48. Qf4 Qc3 49. Rc7 Re6 50. Qf5 Rd6 51. h4 Ne6 52. Qg4+ Kf8 53. Rc8+ Ke7 54. Qf5 Rd8 55. Rxd8 Nxd8 56. Qf3 Qc5 57. Qe4+ Be5 58. Rf3 f6 59. Kh2 Nf7 60. Qg4 Qd6 61. Re3 Nd8 62. Bh3 Nf7 63. Re2 Qd3 64. Qe6+ Kf8 65. Rg2 Kg7 66. Qg4+ Kf8 67. Qf5 Qd6 68. Qg6 Qe7 69. Be6 Nd8 70. Qg8# 1-0

[Event "Tashkent Al Beruniy m-A 2nd"]
[Site "Tashkent"]
[Date "2025.02.17"]
[Round "5.2"]
[White "Vokhidov, Shamsiddin"]
[Black "Artemiev, Vladislav"]
[Result "1/2-1/2"]
[WhiteElo "2670"]
[BlackElo "2691"]
[PlyCount "63"]
[EventDate "2025.02.13"]
[EventType "schev"]
[EventRounds "8"]
[EventCountry "UZB"]
[SourceTitle "CB09_2025"]
[SourceDate "2025.02.27"]
[SourceVersion "1"]
[SourceVersionDate "2025.02.27"]
[SourceQuality "1"]
[WhiteTeam "Uzbekistan"]
[BlackTeam "World"]
[WhiteTeamCountry "UZB"]

1. e4 e5 2. Nf3 Nc6 3. Bb5 Nf6 4. d3 Bc5 5. c3 0-0 6. 0-0 d6 7. Re1 Ng4 8. Re2 f5 9. exf5 Bxf5 10. d4 Bb6 11. h3 Nf6 12. Be3 exd4 13. cxd4 Ne7 14. Nc3 c6 15. Bc4+ Kh8 16. d5 Bxe3 17. Rxe3 b5 18. Qe1 bxc4 19. Rxe7 Nxd5 20. Nxd5 cxd5 21. Re3 Be4 22. Qc3 Bxf3 23. Rxf3 Qb6 24. Rd1 Rxf3 25. Qxf3 Qxb2 26. Qxd5 Rf8 27. Qxc4 Qxf2+ 28. Kh2 h6 29. Rxd6 Qe3 30. Re6 Qg5 31. Qd4 Qf4+ 32. Qxf4 1/2-1/2